[Event "AGAG   III"]
[Site "SchemingMind.com"]
[Date "2020.02.28"]
[Round "-"]
[White "JAHI"]
[Black "Siets"]
[Result "1-0"]
[WhiteCountry "INT"]
[BlackCountry "NED"]
[WhiteElo "1992"]
[WhiteRD "69"]
[BlackElo "1759"]
[BlackRD "89"]
[GameID "451850"]

1. b3 d6 2. Bb2 e5 3. e3 Nf6 4. a3 Be7 5. a4 c6 6. Na3 Be6 7. h3 O-O 8. h4 Ne4 9. Bd3 Nc5 10. h5 h6
11. Be2 Nbd7 12. d3 d5 13. Kd2 Qb6 14. Kc1 Bf6 15. Nh3 d4 16. Kb1 dxe3 17. fxe3 Rad8 18. g3 Na6 19. Bg4 Bxg4 20. Qxg4 Qxe3
21. Nc4 Qc5 22. Rf1 Qe7 23. Nf2 Nc7 24. Ne3 Ne6 25. Nf5 Qe8 26. Nxh6+ Kh8 27. Nf5 Ng5 28. Bc1 Nh7 29. Ne4 Rg8 30. Nfd6 Qe7
31. Nxb7 Rc8 32. Nbd6 Rc7 33. h6 gxh6 34. Qh5
1-0

[Event "AGAG   III"]
[Site "SchemingMind.com"]
[Date "2020.02.28"]
[Round "-"]
[White "Siets"]
[Black "JAHI"]
[Result "0-1"]
[WhiteCountry "NED"]
[BlackCountry "INT"]
[WhiteElo "1759"]
[WhiteRD "89"]
[BlackElo "1992"]
[BlackRD "69"]
[GameID "451851"]

1. b3 e6 2. Bb2 a6 3. Nf3 a5 4. e3 Na6 5. a3 d6 6. b4 axb4 7. axb4 Bd7 8. Bc3 h6 9. Ra5 h5 10. Bd3 d5
11. b5 Nb4 12. Rxa8 Qxa8 13. Ne5 Nxd3+ 14. cxd3 Bxb5 15. O-O h4 16. Qf3 f6 17. Ng6 Rh6 18. Nxf8 Kxf8 19. Rc1 Kf7 20. Be5 c6
21. Bd4 Bxd3 22. Qd1 h3 23. Rc3 Bxb1 24. Qxb1 hxg2 25. e4 dxe4 26. Rb3 b6 27. Rxb6 Qa5 28. Qxe4 Qh5 29. Rb7+ Ne7 30. h4 Qd1+
31. Kxg2 f5 32. Rb1 Rg6+ 33. Kh3 Qh5
0-1

[Event "AGAG   III"]
[Site "SchemingMind.com"]
[Date "2020.02.28"]
[Round "-"]
[White "Raymond de Kemp"]
[Black "splinter"]
[Result "0-1"]
[WhiteCountry "NED"]
[BlackCountry "CAN"]
[WhiteElo "1846"]
[WhiteRD "71"]
[BlackElo "1866"]
[BlackRD "71"]
[GameID "451852"]

1. b3 d5 2. Bb2 Nc6 3. e3 Bf5 4. Bb5 Nf6 5. Nf3 a6 6. Bxc6+ bxc6 7. Nd4 Bd7 8. Nf3 e6 9. Ne5 Be7 10. Qe2 O-O
11. Nxd7 Qxd7 12. O-O Qd6 13. Nc3 e5 14. f4 exf4 15. Rxf4 Qe6 16. Raf1 c5 17. Qf3 c6 18. Na4 Rab8 19. Bxf6 Bxf6 20. Nxc5 Qe7
21. Nxa6 Rb6 22. Qe2 d4 23. Qc4 dxe3 24. Re4 Qa3 25. Nb4 exd2 26. Nd3 Rd8 27. Qa4 Ra6 28. Qxa3 Rxa3 29. Rc4 c5 30. Kh1 Rxa2
31. Ra4 Rxc2 32. Nf2 Rc1 33. Nd1 Re8 34. Ra2 Rxd1
0-1

[Event "AGAG   III"]
[Site "SchemingMind.com"]
[Date "2020.03.04"]
[Round "-"]
[White "splinter"]
[Black "Raymond de Kemp"]
[Result "0-1"]
[WhiteCountry "CAN"]
[BlackCountry "NED"]
[WhiteElo "1850"]
[WhiteRD "71"]
[BlackElo "1879"]
[BlackRD "69"]
[GameID "451853"]

1. b3 e5 2. Bb2 Nc6 3. e3 d5 4. Ne2 Bg4 5. f3 Bh5 6. Ng3 Bg6 7. Be2 Bd6 8. O-O h5 9. e4 Bc5+ 10. Kh1 h4
11. Nf5 Bxf5 12. exf5 Qg5 13. f4 exf4 14. Bd3 O-O-O 15. h3 Nh6 16. Qf3 Nxf5 17. Bxf5+ Qxf5 18. Qxf4 Qxf4 19. Rxf4 Rde8 20. Nc3 f6
21. a3 Bd6 22. Rff1 Nd4 23. Rac1 Rh5 24. a4 Nf5 25. Rf3 Ng3+ 26. Kg1 d4 27. Nb5 Ne2+ 28. Kf1 Nxc1 29. Nxd6+ cxd6 30. Bxc1 Rhe5
0-1

[Event "AGAG   III"]
[Site "SchemingMind.com"]
[Date "2020.03.04"]
[Round "-"]
[White "Raymond de Kemp"]
[Black "Sergio"]
[Result "1-0"]
[WhiteCountry "NED"]
[BlackCountry "RUS"]
[WhiteElo "1871"]
[WhiteRD "66"]
[BlackElo "1016"]
[BlackRD "135"]
[GameID "451854"]

1. b3 e5 2. Bb2 Nc6 3. e3 Nf6 4. Bb5 Qe7 5. Ba3 Qe6 6. Bxf8 Kxf8 7. h4 h6 8. Nf3 e4 9. Bxc6 dxc6 10. Nd4 Qe5
11. Nc3
1-0

[Event "AGAG   III"]
[Site "SchemingMind.com"]
[Date "2020.03.04"]
[Round "-"]
[White "Raymond de Kemp"]
[Black "Siets"]
[Result "1-0"]
[WhiteCountry "NED"]
[BlackCountry "NED"]
[WhiteElo "1855"]
[WhiteRD "68"]
[BlackElo "1775"]
[BlackRD "89"]
[GameID "451856"]

1. b3 c5 2. Bb2 Nc6 3. e3 a6 4. Nf3 e5 5. Nxe5 Nxe5 6. Bxe5 d6 7. Bb2 Ne7 8. Bd3 Nf5 9. Nc3 Qg5 10. g3 Nh6
11. f4 Qg4 12. Be2 Qh3 13. Bf3 Be7 14. Nd5 Bd8 15. Bxg7 Rg8 16. Nf6+ Bxf6 17. Bxf6 Ng4 18. Bh4 Nxh2 19. Qe2 Rxg3 20. Be4 Qxh4
21. O-O-O Bg4 22. Rxh2 Bxe2 23. Rxh4 Bxd1 24. Kxd1 O-O-O 25. Rxh7 Rf8 26. Bd5 Kc7 27. Bxf7 Kc6 28. c4 Kb6 29. Bd5 Rb8 30. Rd7 Rg6
31. f5 Rf6 32. e4 Ka5 33. a4 Kb4 34. Kc2 b6 35. Be6 Rh6 36. Rxd6 Rh3 37. f6 Rf3 38. f7 a5 39. Bf5 Ka3 40. Rf6 Rh8
41. f8=Q Rh1 42. Rxb6 Ka2 43. Qg7 Rb1 44. Qe5 Rfxb3 45. Rxb3 Rxb3 46. Qf6 Ka3 47. Qa1+ Kb4 48. d3
1-0

[Event "AGAG   III"]
[Site "SchemingMind.com"]
[Date "2020.03.04"]
[Round "-"]
[White "Siets"]
[Black "Raymond de Kemp"]
[Result "0-1"]
[WhiteCountry "NED"]
[BlackCountry "NED"]
[WhiteElo "1775"]
[WhiteRD "89"]
[BlackElo "1855"]
[BlackRD "68"]
[GameID "451857"]

1. b3 e5 2. Bb2 Nc6 3. e4 Nf6 4. f3 Nxe4 5. Qe2 Qh4+ 6. Kd1 Nf2+ 7. Kc1 Nxh1 8. Bxe5 Qe7 9. Bxc7 Qxe2 10. Bxe2 g6
11. Nc3 Bg7 12. Bd6 Be5 13. Bxe5 Nxe5 14. Nd5 O-O 15. Ne7+ Kg7 16. Nxc8 Raxc8 17. Nh3 Nc6 18. Kb2 Nd4 19. Bc4 d5 20. Bd3 Ne6
21. Rxh1 Nc5 22. Nf4 Rfe8 23. Nxd5 Nxd3+ 24. cxd3 Re2 25. Ka3 Rxd2 26. g4 Rxd3 27. Re1 Rxf3 28. g5 Rc5 29. Nf6 Rxg5 30. Ne8+ Kh8
31. Nd6 Ra5+ 32. Kb2 Rf2+ 33. Kc3 Raxa2 34. Nxb7 Rxh2 35. Kd4 Rh3 36. Nc5 h5 37. Ke5 Rf3 38. Kd6 h4 39. Ke7 h3 40. Ne4 h2
41. Ng5 Rg3 42. Nxf7+ Kg7 43. Nd6 Rg1
0-1

[Event "AGAG   III"]
[Site "SchemingMind.com"]
[Date "2020.02.28"]
[Round "-"]
[White "splinter"]
[Black "Sergio"]
[Result "1-0"]
[WhiteCountry "CAN"]
[BlackCountry "RUS"]
[WhiteElo "1846"]
[WhiteRD "71"]
[BlackElo "1016"]
[BlackRD "135"]
[GameID "451858"]

1. b3 e5 2. Bb2 Nc6 3. e3 d5 4. Bb5 Bd6 5. Ne2 Qg5 6. Ng3 h5 7. h4 Qg6 8. Nc3 Nf6 9. Bd3 e4 10. Be2 Bxg3
11. fxg3 Qxg3+ 12. Kf1 a6 13. Qe1 Qd6 14. Qf2
1-0

[Event "AGAG   III"]
[Site "SchemingMind.com"]
[Date "2020.02.28"]
[Round "-"]
[White "Sergio"]
[Black "splinter"]
[Result "0-1"]
[WhiteCountry "RUS"]
[BlackCountry "CAN"]
[WhiteElo "1016"]
[WhiteRD "135"]
[BlackElo "1846"]
[BlackRD "71"]
[GameID "451859"]

1. b3 d5 2. Nf3 Nc6 3. Bb2 Nf6 4. e3 Bd7 5. d4 e6 6. c4 Bb4+ 7. Nbd2 Ne4 8. a3 Bxd2+ 9. Nxd2 O-O 10. Nxe4 dxe4
11. d5 exd5 12. cxd5 Ne7 13. Qd4 f6 14. Qxe4 Bf5
0-1

[Event "AGAG   III"]
[Site "SchemingMind.com"]
[Date "2020.02.28"]
[Round "-"]
[White "splinter"]
[Black "Siets"]
[Result "1-0"]
[WhiteCountry "CAN"]
[BlackCountry "NED"]
[WhiteElo "1838"]
[WhiteRD "70"]
[BlackElo "1838"]
[BlackRD "114"]
[GameID "451860"]

1. b3 b5 2. Bb2 c5 3. e3 Qb6 4. Nf3 Nc6 5. Nc3 a6 6. Be2 Nf6 7. O-O e5 8. e4 d6 9. Nd5 Nxd5 10. exd5 Nd8
11. d3 f6 12. Nd2 Nf7 13. Kh1 g6 14. f4 Qb7 15. fxe5 fxe5 16. c4 Bd7 17. Bg4 h5 18. Bxd7+ Qxd7 19. Ne4 O-O-O 20. cxb5 axb5
21. b4 Nh6 22. bxc5 dxc5 23. Bxe5 Bg7 24. Nd6+ Kc7 25. Nxb5+ Kb6 26. Bc7+
1-0

[Event "AGAG   III"]
[Site "SchemingMind.com"]
[Date "2020.02.28"]
[Round "-"]
[White "Siets"]
[Black "splinter"]
[Result "1-0"]
[WhiteCountry "NED"]
[BlackCountry "CAN"]
[WhiteElo "1838"]
[WhiteRD "114"]
[BlackElo "1838"]
[BlackRD "70"]
[GameID "451861"]

1. b3 d5 2. Bb2 Nc6 3. e3 Bf5 4. h3 Nf6 5. Nf3 h6 6. a3 e6 7. Bb5 Bd6 8. Nd4 Qd7 9. Nxc6 bxc6 10. Ba4 Be7
11. Be5 O-O 12. Nc3 Ne4 13. Ne2 Nc5 14. Nf4 Nxa4 15. bxa4 c5 16. Ra2 d4 17. e4 Bh7 18. Qg4 f6 19. Nh5 Bd8 20. Bf4 Kh8
21. d3 f5 22. exf5 exf5 23. Qf3 Re8+ 24. Kd2 c6 25. Kc1 Qd5 26. Qg3 g6 27. Bxh6 Rg8 28. Re1 Qxa2 29. Qe5+
1-0

[Event "AGAG   III"]
[Site "SchemingMind.com"]
[Date "2020.03.02"]
[Round "-"]
[White "Sergio"]
[Black "Siets"]
[Result "0-1"]
[WhiteCountry "RUS"]
[BlackCountry "NED"]
[WhiteElo "1016"]
[WhiteRD "135"]
[BlackElo "1759"]
[BlackRD "89"]
[GameID "451862"]

1. b3 c5 2. Bb2 Nc6 3. Nf3 d6 4. d4 Nf6 5. d5 Nb4 6. Nc3 Bf5 7. e4 Nxe4 8. Bb5+ Bd7 9. Bxd7+ Kxd7 10. Nxe4 Qa5
11. O-O e5
0-1

[Event "AGAG   III"]
[Site "SchemingMind.com"]
[Date "2020.02.28"]
[Round "-"]
[White "Siets"]
[Black "Sergio"]
[Result "1-0"]
[WhiteCountry "NED"]
[BlackCountry "RUS"]
[WhiteElo "1759"]
[WhiteRD "89"]
[BlackElo "1016"]
[BlackRD "135"]
[GameID "451863"]

1. b3 e5 2. e3 d5 3. Bb2 Bd6 4. Nf3 Qe7 5. d4 e4 6. Nfd2 f5 7. Nc3 c6 8. Be2 Nh6 9. Nf1 b5 10. Qd2 a5
11. a4 b4 12. Na2 Qh4 13. O-O-O
1-0